The management of act respiratory infections in children: Practical guidelines for outpatient care

שמור ב:
מידע ביבליוגרפי
מחבר ראשי: WHO
פורמט: ספר
שפה:Undetermined
יצא לאור: Geneva WHO 1995
נושאים:
תגים: הוספת תג
אין תגיות, היה/י הראשונ/ה לתייג את הרשומה!
Thư viện lưu trữ: Trung tâm Học liệu Trường Đại học Cần Thơ
LEADER 00553nam a2200181Ia 4500
001 CTU_14672
008 210402s9999 xx 000 0 und d
082 |a 649.1 
082 |b M266 
100 |a WHO 
245 4 |a The management of act respiratory infections in children: Practical guidelines for outpatient care 
245 0 |c WHO 
260 |a Geneva 
260 |b WHO 
260 |c 1995 
650 |a children - health and hygiene,children care,pediatric nursing 
904 |i Minh, 980123 
980 |a Trung tâm Học liệu Trường Đại học Cần Thơ